| 000 | 00922nam a2200229 a 4500 | ||
|---|---|---|---|
| 008 | 120416s1996 xx |||||||||||||| || u | ||
| 020 | _a0821337408 | ||
| 050 | _aIBRD(06)ESD/1996/2 | ||
| 100 | _aPersley, Gabrielle J | ||
| 245 | 1 | 0 |
_aBanana improvement: research challenges and opportunities _cedited by Gabriel J. Persley and Pamela George |
| 260 | _c1996 | ||
| 300 | _aix, 47p. | ||
| 350 | _a0.00 | ||
| 490 | _aEnvironmentally and Socially Sustainable Development | ||
| 650 | _aCROP IMPROVEMENT--RESEARCH--CONGRESSES | ||
| 650 | _aBANANAS--BREEDING--CONGRESSES | ||
| 650 | _aBANANAS--DISEASES AND PEST RESISTANCE--GENETIC ASPECTS--CONGRESSES | ||
| 650 | _aBANANAS--RESEARCH--CONGRESSES | ||
| 700 | _aGeorge, Pamela | ||
| 710 | _aWorld Bank | ||
| 995 |
_D0.00 _FCBU-MAIN LIBRARY (Kitwe) _H1 _I0.00 _M1 _UAVAILABLE _WOct 17, 2007 _ZInternational Publications |
||
| 999 |
_c35408 _d35408 |
||